Czechoslovak, Czech and Slovak Presidents - Statistics

General Stats
  • This quiz has been taken 37 times
  • The average score is 13 of 19
Answer Stats
Hint Answer % Correct
2023-present Petr Pavel
100%
1918-1935 Tomáš Garrigue Masaryk
97%
1989-1992 Václav Havel
94%
1993-2003 Václav Havel
94%
2013-2023 Miloš Zeman
91%
2003-2013 Václav Klaus
91%
1935-1938; 1940-1948 Edvard Beneš
88%
1948-1953 Klement Gottwald
81%
1975-1989 Gustáv Husák
78%
2019-2024 Zuzana Čaputová
75%
2024-present Peter Pellegrini
72%
1938-1939 Emil Hácha
69%
1953-1957 Antonín Zápotocký
66%
1968-1975 Ludvík Svoboda
56%
1957-1968 Antonín Novotný
53%
2014-2019 Andrej Kiska
31%
2004-2014 Ivan Gašparovič
22%
1999-2004 Rudolf Schuster
22%
1993-1998 Michal Kováč
19%
No matching quizzes found
Score Distribution
Percent of People with Each Score
Percentile by Number Answered
Your Score History
You have not taken this quiz